|
|
|
|
| LEADER |
00000nam a2200000 4500 |
| 001 |
vtls012251983 |
| 003 |
SK-MaSNL |
| 005 |
20260426010817.0 |
| 008 |
240305s2022 xo ol g c 000 0 slo |
| 015 |
|
|
|a SNBE2024
|
| 020 |
|
|
|a 9788089934188
|q (brožované)
|
| 040 |
|
|
|a SNK
|b slo
|c SNK
|e rda
|
| 041 |
0 |
|
|a slo
|
| 043 |
|
|
|a e-xo---
|
| 044 |
|
|
|a xo
|c SK
|
| 072 |
|
7 |
|a 72
|x Architektúra
|2 konspekt
|
| 080 |
|
|
|a 72.092
|2 2011
|
| 080 |
|
|
|a 378
|2 2011
|
| 080 |
|
|
|a 378-057.8
|2 2011
|
| 080 |
|
|
|a 72.012.1
|2 2011
|
| 080 |
|
|
|a 72.036/.038
|2 2011
|
| 080 |
|
|
|a (437.611)
|2 2011
|
| 080 |
|
|
|a (083.82)
|2 2011
|
| 080 |
|
|
|a 72
|2 2011
|
| 080 |
|
|
|a 378.2
|2 2011
|
| 111 |
2 |
|
|a Cena profesora Jozefa Lacka (ocenenie)
|n (33. :
|d 2022/2023 :
|c Bratislava, Slovensko)
|4 aut
|9 675400
|
| 245 |
1 |
0 |
|a Cena profesora Jozefa Lacka 2022/2023
|b súťaž o najlepšiu diplomovú prácu absolventov architektonických škôl na Slovensku : 33. ročník
|c zostavil: Jakub Hanták
|
| 264 |
|
1 |
|a Bratislava
|b Vydavateľstvo Spolku architektov Slovenska
|c 2022
|
| 300 |
|
|
|a 26 strán
|b fotografie, projekty
|c 30 cm
|
| 336 |
|
|
|a text
|b txt
|2 rdacontent
|
| 336 |
|
|
|a statický obraz
|b sti
|2 rdacontent
|
| 337 |
|
|
|a bez média
|b n
|2 rdamedia
|
| 338 |
|
|
|a zväzok
|b nc
|2 rdacarrier
|
| 500 |
|
|
|a Vydal Spolok architektov Slovenska vo Vydavateľstve SAS
|
| 648 |
|
7 |
|a 2022-2023
|2 SNKPH
|9 473447
|
| 650 |
0 |
7 |
|a architektonické súťaže
|2 SNKPH
|9 31820
|
| 650 |
0 |
7 |
|a absolventi vysokých škôl
|2 SNKPH
|9 2784
|
| 650 |
0 |
7 |
|a architektonické projekty
|2 SNKPH
|9 2951
|
| 650 |
0 |
7 |
|a moderná architektúra
|2 SNKPH
|9 68287
|
| 650 |
0 |
7 |
|a Architectural competitions
|2 SNKPHeng
|9 325668
|
| 650 |
0 |
7 |
|a Universities and colleges
|2 SNKPHeng
|9 265426
|
| 650 |
0 |
7 |
|a College graduates
|2 SNKPHeng
|9 323302
|
| 650 |
0 |
7 |
|a Architectural projects
|2 SNKPHeng
|9 274864
|
| 650 |
0 |
7 |
|a Modern architecture
|2 SNKPHeng
|9 276030
|
| 650 |
0 |
7 |
|a vysoké školy
|2 SNKPH
|9 1277
|
| 650 |
0 |
7 |
|a architektúra
|2 SNKPH
|9 722
|
| 650 |
0 |
7 |
|a diplomové práce
|2 SNKPH
|9 3505
|
| 650 |
0 |
7 |
|a Architecture
|2 SNKPHeng
|9 266226
|
| 650 |
0 |
7 |
|a Master's theses
|2 SNKPHeng
|9 319180
|
| 651 |
|
7 |
|a Bratislava (Slovensko)
|2 SNKPH
|9 14568
|
| 651 |
|
7 |
|a Bratislava (Slovakia)
|2 SNKPHeng
|9 171234
|
| 655 |
|
7 |
|a katalógy
|2 SNKPH
|9 60821
|
| 655 |
|
7 |
|a Catalogs
|2 SNKPHeng
|9 266059
|
| 700 |
1 |
|
|a Hanták, Jakub
|4 aut
|4 edt
|4 com
|9 447571
|
| 852 |
|
|
|a Slovenská národná knižnica
|
| 919 |
|
|
|a 978-80-89934-18-8
|
| 954 |
|
|
|a iná literatúra (príručky, kuchárske knihy, hobby literatúra, sprievodcovia) pôvodná (slovenská)
|2 lita
|
| 999 |
|
|
|c 1045113
|d 1047043
|
| 952 |
|
|
|a SNK
|b SNK
|y PREZ
|7 0
|p 17A1542352
|o snkOSB 21249
|i snk2024/3740
|8 0
|0 0
|1 0
|4 0
|d 2024-03-05
|l 0
|r 2026-02-24 14:37:02
|w 2026-02-24
|
| 952 |
|
|
|a SNK
|b SNK
|y VYP
|7 0
|p 17A1542351
|o snkOSB 21249 D1
|i snk2024/3741
|8 0
|0 0
|1 0
|4 0
|d 2024-03-05
|l 0
|r 2026-02-24 14:37:02
|w 2026-02-24
|